Classes e estrutura das classes (Registo nº 199301)
[ vista simples ]
| 000 -Etiqueta do registo | |
|---|---|
| Valores | 00592nam 22001933 4500 |
| 100 ## - Dados gerais de processamento | |
| Dados gerais | 20251127d u||y0pory50 ba |
| 200 ## - Titulo e menção de responsabilidade | |
| Título próprio | Classes e estrutura das classes |
| Primeira menção de responsabilidade | edição organanizada por A. Hunt ... [et al.] |
| Outras menções de responsabilidade | tradução de José Calisto |
| 210 ## - Publicação | |
| Local de publicação | Lisboa |
| Nome do editor | Edições 70 |
| Data de publicação | imp. 1982 |
| 215 ## - Descrição física | |
| Paginação / Volumes | 216, [4] p. |
| Outras indicações físicas | brochado |
| Dimensões | 22 cm |
| 225 ## - Colecção | |
| Título próprio da colecção | Espaço da Sociologia |
| Número de parte ou secção | 4 |
| 606 ## - Nome comum usado como assunto | |
| ID Autoridade | 1246 |
| Palavra de ordem | Política |
| 675 ## - CDU | |
| Notação | 32 |
| Edição | PT |
| Língua | por |
| 701 ## - Co-autor principal (pessoa individual) | |
| ID Autoridade | 15196 |
| Apelido | Hunt |
| Nome | Alan |
| 702 ## - Autor secundário (pessoa individual) | |
| ID Autoridade | 15197 |
| Apelido | Calisto |
| Nome | José |
| 801 ## - Fonte de origem | |
| País | PT |
| Agência | BMMN |
| Regras de catalogação | RPC |
| 830 ## - Notas gerais do catalogador | |
| Criado por | Vanda |
| 990 ## - Elementos KOHA | |
| Tipo de documento | Livro |
| Situação do levantamento | Biblioteca de origem | Código de barras | Cota | Permissão de empréstimo | Tipo de documento | Forma de aquisição |
|---|---|---|---|---|---|---|
| Biblioteca Municipal de Montemor-o-Novo | 28134 | 32 CLA|DEP | Livro | Compra |